000 00991cam a2200277 a 4500
001 4399887
003 OSt
005 20140310182100.0
008 920121s1991 at a b 001 0 eng
010 _a 92106513
020 _a086417327X
040 _aDLC
_cDLC
050 0 0 _aTT 820
_b.J65 1991
082 0 0 _aHS 746.43
_bJ71 1991
100 1 _aJones, Rebecca.
_912665
245 1 4 _aThe complete book of tricot :
_beverything you wanted to know about Tunisian crochet and shepherd's knitting : what it is, how to do it & what to make /
_cRebecca Jones.
260 _aKenthurst, NSW :
_bKangaroo Press,
_cc1991.
300 _a95 p. :
_bill. (some col.) ;
_c29 cm.
500 _aIncludes bibliographical references (p. 91) and index.
650 0 _aCrocheting
_vPatterns.
_912666
906 _a7
_bcbc
_corignew
_d2
_encip
_f19
_gy-gencatlg
942 _2lcc
_cHS
999 _c9172
_d9172